| 000 | 01295cam a2200349 a 4500 | ||
|---|---|---|---|
| 001 | 000005740 | ||
| 005 | 20200929151751.0 | ||
| 008 | 940722s1986 pr a b 001 0 spa | ||
| 020 | _a0934369100 | ||
| 040 |
_aDO-SdBNP _cDLC |
||
| 082 |
_a972.95 _bM829hi, 1986 |
||
| 100 | 1 |
_aMorán Arce, Lucas _916234 |
|
| 245 | 1 | 0 |
_aHistoria de Puerto Rico / _cnarración, Lucas Moran Arce ; colaborador, Ricardo E. Alegría ... [et al]. |
| 250 | _a2a ed. rev. y aum. | ||
| 260 |
_aSan Juan, Puerto Rico : _bLibrotex, _eRepública Dominicana, _fCorripio, _c1986. |
||
| 300 |
_axii, 411 p. : _bil. ; _c26 cm. |
||
| 563 | _aEncuadernación en tapa dura | ||
| 504 | _aBibliografías p. [389]-395 e índice. | ||
| 500 | _aEdición revisada y aumentada. | ||
| 651 | 4 |
_aPuerto Rico _xHistory. _916242 |
|
| 651 | 4 |
_aPuerto Rico _xCondiciones _916243 |
|
| 700 | 1 |
_aPalomares, Andrés, _eed. _916235 |
|
| 700 | 1 |
_aMorán Arce, Lucas _916234 |
|
| 700 | 1 |
_aAlegría, Ricardo E. _916236 |
|
| 700 | 1 |
_aArrillaga Torréns, Rafael. _916237 |
|
| 700 | 1 |
_aBarbosa de Rosario, Pilar. _916238 |
|
| 700 | 1 |
_aCaro Costas, Aída R. _95515 |
|
| 700 | 1 |
_aDíez de Morán, Sarah. _916239 |
|
| 700 | 1 |
_aFernández Méndez, Eugenio. _916240 |
|
| 700 | 1 |
_aTió Nazario, Aurelio. _916241 |
|
| 910 | _aCatalogación por copia / LC | ||
| 999 |
_c5536 _d5536 |
||